Marki samochodów - Statystyki

Ogólne statystyki
  • Ten quiz został rozwiązany 142 razy
  • Średni wynik to 14 z 16
Statystyki odpowiedzi
Obrazkowy Odpowiedź % Poprawnych
Audi
99%
BMW
99%
Mercedes
96%
Ferrari
94%
Honda
94%
Seat
93%
Toyota
93%
Lamborghini
92%
Fiat
89%
Tesla
87%
Porsche
86%
Hyundai
85%
Chevrolet
84%
Subaru
80%
Dodge
63%
Chevrolet Corvette
22%
Nie znaleziono quizów pasujących do podanych kryteriów
Rozkład punktacji
Procent ludzi z każdym wynikiem
Percentyl według liczby udzielonych odpowiedzi
Twoja historia wyników
Nie rozwiązałeś tego quizu